000 00778nam a2200241 4500
003 OSt
005 20260601171020.0
008 260520b2019\\\\mx\|||||\||||\00|\0\spa\d
040 _aICI
_bspa
_cICI
_erda
050 _aNK1390M6 A25 2019
245 _aAbierto mexicano del diseño popular
260 _aMéxico
_c2019
300 _a217 paginas:
_bilustraciones
336 _2rdacontent
_atexto
337 _2rdamedia
_asin medio
338 _2rdacarrier
_avolumen
500 _aCatálogo y memoria del evento Abierto Mexicano de Diseño enfocado en diseño popular y artesanía contemporánea
650 _aDiseño popular
_xMéxico.
_934499
650 _aArtesanías mexicanas
650 _aArte popular
_xMéxico
651 _aMéxico
_xVida cultural.
942 _2lcc
_n1
_cB
999 _c20842
_d20842